LEADER 02199nam 2200421Ia 450 001 996397292403316 005 20221108053816.0 035 $a(CKB)4940000000063338 035 $a(EEBO)2264201959 035 $a(OCoLC)690987901 035 $a(EXLCZ)994940000000063338 100 $a20101209d1687 uy 0 101 0 $aeng 135 $aurbn||||a|bb| 200 10$aPharmako-basanos: or, The touch-stone of medicines$b[electronic resource] $eDiscovering the vertues of [brace] vegetables, minerals, & animals, by their tastes & smells in two volumes /$fby Sir John Floyer, of the city of Litchfield .. 210 $aLondon $cPrinted for Michael Johnson bookseller in Litchfield and are to be sold by Robert Clavel at the Peacock in St. Paul's Church-yard$d1687 215 $a[31], 318, [26], 416 p 300 $aFirst two words of title transliterated from Greek. 300 $aWith a divisional title page ("Pharmako-basanos: or, The touch-stone of medicines. Vol. I. Containing three parts ..."), lacking imprint, bound after general title page. 300 $a"Pharmako-basanos: or, The touch-stone of medicines, &c. Vol II. Containing four parts ..." (divisional title page (sig.ČA1r), lacking imprint) has separate pagination and register. 300 $a".... The sixth part ..." (second series, pp. [249]-340) and "An appendix to the second part ..." (second series, pp. [341]-416) have special title pages dated 1690; register is continuous. 300 $aIncludes erratas and addendum. 300 $aImperfect: tightly bound with slight loss of text. 300 $aReproduction of original in: Christ Church (University of Oxford). Library. 330 $aeebo-0026 606 $aAlternative medicine$vEarly works to 1800 606 $aTraditional medicine$vEarly works to 1800 606 $aMedicinal plants$vEarly works to 1800 615 0$aAlternative medicine 615 0$aTraditional medicine 615 0$aMedicinal plants 700 $aFloyer$b John$cSir,$f1649-1734.$01001053 801 0$bUMI 801 1$bUMI 906 $aBOOK 912 $a996397292403316 996 $aPharmako-basanos: or, The touch-stone of medicines$92301434 997 $aUNISA